Pokémon : les altérations de statut - Statistiques

Statistiques générales
  • Ce quiz a été pris 49 fois
  • Le résultat moyen est 7 sur 8
Statistiques - réponses
Description Altérations de statut % Correct
50% de chance d'agir ou inflige des dégâts Confus
98%
Divise la vitesse par 4 et 25% de chance de ne pas agir Paralysé
98%
Divise l'attaque par 2 et inflige des dégâts Brûlé
96%
Empêche d'agir pendant plusieurs tours Endormi
96%
Fait subir des dégâts à chaque tour Empoisonné
93%
Empêche d'agir pendant plusieurs tours Gelé
87%
Empêche d'agir pendant 1 tour Trouille
64%
50% de chance d'agir Amoureux
40%
Aucun quiz correspondant
Distribution des résultats
% des personnes avec chaque résultat
Percentile par nombre de réponses
Votre historique - résultats
Vous n’avez pas pris ce quiz